Normal view
MARC view
- MS-COMPUTER ENGINEERING-61
Entry Topical Term
001 - CONTROL NUMBER
- control field: 108277
003 - CONTROL NUMBER IDENTIFIER
- control field: NUST
005 - DATE AND TIME OF LATEST TRANSACTION
- control field: 20230131144348.0
008 - FIXED-LENGTH DATA ELEMENTS
- fixed length control field: 230131|| aca||aabn | a|a d
040 ## - CATALOGING SOURCE
- Original cataloging agency: NUST
- Transcribing agency: NUST
150 ## - HEADING--TOPICAL TERM
- Topical term or geographic name entry element: MS-COMPUTER ENGINEERING-61
670 ## - SOURCE DATA FOUND
- Source citation: Work cat.: (NUST): SEHRISH MAHMOOD, TH-SOF-0881-ANALYSIS OF ROUTING ALGORITHMS IN WIRELESS MESH NETWORKS, 2014.
